Никон, Святейший Патриарх Всероссийский и основанный им Новый Иерусалим (Запис номер 106699)
[ съкратено ]
| 000 -Лидер | |
|---|---|
| Контролно поле с фиксирана дължина | nam a22 a 4500 |
| 003 - Код на организацията, давaща контролен номер | |
| Контролно поле | BLK |
| 005 - Дата и час на последна редакция | |
| Контролно поле | 20201026112600.0 |
| 008 - Елементи от данни с фиксирана дължина | |
| fixed length control field | 180409b bul|||||r ||||||| ||bul|| |
| 010 ## - Наследен системен номер | |
| LC control number | KNG00111962000 |
| 040 ## - Източник на каталожния запис | |
| Идентификатор на билиотеката - собственик на записа | BLK |
| 041 ## - Код за език | |
| Код за езика на текст/звукозапис или на отделно заглавие | Руски |
| Код за езика КДБФ | Руски |
| 072 #7 - Код за тематичната категория | |
| Код организация | bullib |
| Код за тематична категория | Ц |
| Текст | Редки и ценни |
| 080 ## - УДК | |
| Текстов определител УДК | Източноправославни църкви: българска, руска, гръцка, сръбска, румънска, грузинска, македонска |
| УДК код - определител по УДК | 281.9 |
| УДК определител | (470) |
| УДК - код + определител | 281.9(470) |
| 080 ## - УДК | |
| УДК код - определител по УДК | 929 Никон, патриарх Всерус. |
| УДК - код + определител | 929 Никон, патриарх Всерус. |
| 139 ## - Редно поле | |
| Редна дума | Никонъ Святейшiй Патрiархъ Всероссiйскiй и основанный имъ Новый Iерусалимъ |
| Авторски знак | Нико - Н 70 |
| 245 10 - Сведения за заглавието | |
| Заглавие | Никон, Святейший Патриарх Всероссийский и основанный им Новый Иерусалим |
| 250 ## - Област на изданието | |
| Сведения за изданието | 2. изд. |
| 257 ## - Страна на издаване | |
| Страна на създаване/издаване | Русия |
| 260 ## - Област на издателските данни | |
| Име на издателя, разпространителя и проч. | Паровая скоропечатня П. О. Яблонскаго |
| Година на издаване | 1899 |
| Място на издаване, разпространение и проч. | Санкт-Петербург |
| 300 ## - Физическа характеристика | |
| Страници | 346 с. |
| Размери/Мащаб | 19 см |
| 380 ## - Жанр | |
| Жанр | Религия. Теология |
| 490 1# - СЕРИИ (Колекции) | |
| Име на серия | Приходская библиотека, издаваемая под редакцией В. И. Шемякина |
| 490 ## - СЕРИИ (Колекции) | |
| Име на серия | Колекция Редки и ценни издания |
| 9 (RLIN) | 435080 |
| 600 14 - Име на лице, използвано като предмет | |
| За него / За нея | Никон, патриарх Всерус. |
| 9 (RLIN) | 310690 |
| 650 #4 - Допълнително описание по предмет – тема | |
| Основно описание – тема или топоним | Източноправославна църква - Русия |
| 9 (RLIN) | 275170 |
| 650 #4 - Допълнително описание по предмет – тема | |
| Основно описание – тема или топоним | Никон, патриарх Всерус. |
| 9 (RLIN) | 310690 |
| 653 ## - Ключова дума – ненормативна | |
| Ключова дума | православна църква |
| 653 ## - Ключова дума – ненормативна | |
| Ключова дума | патриарх Никон |
| 659 ## - Тематичен бюлетин | |
| Тематичен бюлетин | Ц |
| 852 ## - Местоположение | |
| Форматна сигнатура | Рр 899 |
| Фондова буква | Редки и ценни |
| 856 4# - Електронен адрес и достъп | |
| Електронен формат | pdf - файл |
| 856 4# - Електронен адрес и достъп | |
| Електронен формат | pdf - файл |
| 999 ## - СИСТЕМНИ КОНТРОЛНИ НОМЕРА | |
| Koha biblionumber | 106699 |
| Koha biblioitemnumber | 106699 |
| 942 ## - АРТИКУЛИ | |
| Вид на библиотечния материал | Книги |
| Скрит в OPAC | Не |
| Периодичен библиозапис | Да |
| 944 ## - СЪЗДАВАНЕ И РЕДАКЦИЯ на ЗАПИСА | |
| Създаване/Редакция | Създаване |
| Дата на регистрацията/редакция | 26.03.2004 |
| Служител, извършил регистрацията/редакцията | Людмила_Стоянова |
| 944 ## - СЪЗДАВАНЕ И РЕДАКЦИЯ на ЗАПИСА | |
| Създаване/Редакция | Редакция |
| Дата на регистрацията/редакция | 05.04.2004 |
| 999 ## - СИСТЕМНИ КОНТРОЛНИ НОМЕРА | |
| Koha biblioitemnumber | 106699 |
| Код за отписване | Код за изгубен артикул | Източник на класификационната схема | Код за повреда | Коз за рестрикции | Код за отдаване | Артикулен № | Име на библиотеката - собственик | Име на библиотеката, в която се намира в момента | Статус (Текущо местоположение) | Дата на вписване в системата | Местоположение - отдел | Цена в лева | Инвентарен номер | Систематично азбучна сигнатура | Баркод | Номер на екземпляра | Цена в евро | Служебна бележка | Служебен тип на артикула |
|---|---|---|---|---|---|---|---|---|---|---|---|---|---|---|---|---|---|---|---|
| Не е изгубен | Universal Decimal Classification | Не е повреден | само за читалня | Специални фондове ( старопечатни, редки и ценни, фонд М. Арнаудов) | 172058 | Регионална библиотека "Любен Каравелов" Русе | Регионална библиотека "Любен Каравелов" Русе | Редки и ценни | 2004-03-26 | Редки и ценни | 15.00 | 120000683991 | Рр 899 | 120000683991 | 1 | 7.67 | Дост: DA Вид: А N: 8 Дата: 26.03.2004 Дата инв: 02.04.2018 Бележки инв: Рц2018 | Книги |